[Event "Heusenstamm Sparkassen op-B 6th"]
[Site "Heusenstamm"]
[Date "2019.11.24"]
[Round "6"]
[White "Draxler, Gottfried"]
[Black "Wu, Sifan"]
[Result "0-1"]
[WhiteElo "1762"]
[BlackElo "1574"]
[PlyCount "78"]
[EventDate "2019.11.21"]
[EventType "swiss"]
[EventRounds "7"]
[EventCountry "GER"]
[SourceTitle "CBM 194 Extra"]
[Source "ChessBase"]
[SourceDate "2020.03.31"]
[SourceVersion "1"]
[SourceVersionDate "2020.03.31"]
[SourceQuality "1"]

1. c4 c5 2. g3 Nf6 3. Bg2 Nc6 4. Nc3 e6 5. a3 Be7 6. e3 d5 7. cxd5 exd5 8. d4 cxd4 9. exd4 0-0 10. Nge2 Na5 11. 0-0 b6 12. Re1 Bb7 13. Nf4 Re8 14. Nd3 Qc7 15. Bf4 Qc4 16. Ne5 Qb3 17. Qxb3 Nxb3 18. Rad1 Bf8 19. Be3 Rac8 20. Bh3 Rcd8 21. Nd3 Na5 22. Bc1 Ne4 23. Nb1 Bc6 24. f3 Nd6 25. Nc3 Rxe1+ 26. Rxe1 Nb3 27. Be3 Nc4 28. Re2 Nxe3 29. Rxe3 Nxd4 30. Nb4 Bxb4 31. axb4 Nc2 32. Re7 Nxb4 33. Rxa7 d4 34. Ne4 Bxe4 35. fxe4 g6 36. Kf1 d3 37. Rd7 Rxd7 38. Bxd7 Nc2 39. Bb5 d2 0-1

[Event "Heusenstamm Sparkassen op-B 4th"]
[Site "Heusenstamm"]
[Date "2017.11.26"]
[Round "6"]
[White "Muegendt, Brian Christopher"]
[Black "Draxler, Gottfried"]
[Result "1-0"]
[WhiteElo "1732"]
[BlackElo "1781"]
[PlyCount "97"]
[EventDate "2017.11.23"]
[EventType "swiss"]
[EventRounds "7"]
[EventCountry "GER"]
[SourceTitle "EXT 2019"]
[Source "ChessBase"]
[SourceDate "2018.10.10"]
[SourceVersion "1"]
[SourceVersionDate "2018.10.10"]
[SourceQuality "1"]

1. e4 c5 2. Nc3 Nc6 3. f4 d6 4. Bb5 Bd7 5. Bxc6 Bxc6 6. Nf3 e6 7. 0-0 Nf6 8. d3 Be7 9. Qe1 0-0 10. e5 Nd5 11. Ne4 Nb4 12. Qf2 Bxe4 13. dxe4 dxe5 14. Nxe5 f6 15. Nf3 Qc7 16. a3 Nc6 17. Be3 b6 18. Rad1 Rad8 19. Qe2 Rxd1 20. Rxd1 Rd8 21. Rxd8+ Qxd8 22. Qc4 Qd7 23. f5 Nd8 24. a4 Kf8 25. e5 exf5 26. Qh4 Kg8 27. Qc4+ Kh8 28. b3 Qe6 29. Qb5 Qc6 30. Qc4 Qe6 31. Qb5 Qc6 32. Qc4 Qd7 33. Kf2 h6 34. h4 Qe6 35. Qb5 Nc6 36. h5 fxe5 37. g3 Kg8 38. Bc1 Kf7 39. Qxc6 e4 40. Qxe6+ Kxe6 41. Ne1 Bf6 42. Ng2 a6 43. Nf4+ Kd6 44. Bd2 b5 45. axb5 axb5 46. c4 bxc4 47. bxc4 Bd4+ 48. Ke2 Bb2 49. Nd5 1-0

[Event "Heusenstamm Sparkassen op-B 4th"]
[Site "Heusenstamm"]
[Date "2017.11.25"]
[Round "4"]
[White "Werner, Tom"]
[Black "Draxler, Gottfried"]
[Result "0-1"]
[WhiteElo "1627"]
[BlackElo "1781"]
[PlyCount "130"]
[EventDate "2017.11.23"]
[EventType "swiss"]
[EventRounds "7"]
[EventCountry "GER"]
[SourceTitle "EXT 2019"]
[Source "ChessBase"]
[SourceDate "2018.10.10"]
[SourceVersion "1"]
[SourceVersionDate "2018.10.10"]
[SourceQuality "1"]

1. c4 c5 2. Nc3 Nc6 3. g3 Nf6 4. Bg2 g6 5. Nf3 Bg7 6. 0-0 0-0 7. d3 d6 8. Bd2 Rb8 9. a3 a6 10. Rb1 Nd4 11. Nxd4 cxd4 12. Ne4 Qc7 13. b4 b6 14. Qc2 Bb7 15. Nxf6+ Bxf6 16. Bxb7 Rxb7 17. Rfc1 Rc8 18. Qa4 Ra8 19. Rc2 Qd7 20. Qxd7 Rxd7 21. Rbc1 Rc8 22. e3 Rdc7 23. exd4 Bxd4 24. Be3 Bxe3 25. fxe3 Kf8 26. Kf2 Ke8 27. Ke2 Kd7 28. d4 e6 29. c5 dxc5 30. dxc5 bxc5 31. Rxc5 Rxc5 32. bxc5 Kc6 33. Rb1 Ra8 34. Kd3 Kxc5 35. Rb7 Rf8 36. Ra7 Kb6 37. Rd7 h6 38. Kd4 Kc6 39. Ra7 Kb6 40. Rd7 Kb5 41. Ra7 a5 42. Ke5 f5 43. Rh7 Rc8 44. Rxh6 Rc3 45. Kd4 Rc4+ 46. Kd3 Rg4 47. Rh8 g5 48. Re8 Re4 49. h3 Ka4 50. g4 Kxa3 51. gxf5 exf5 52. Ra8 a4 53. Ra5 Rb4 54. Rxf5 Kb3 55. Rxg5 a3 56. Ra5 a2 57. Rxa2 Kxa2 58. e4 Rb3+ 59. Kd4 Rxh3 60. Kd5 Rd3+ 61. Ke6 Kb3 62. e5 Kc4 63. Kf7 Kd5 64. e6 Rf3+ 65. Ke7 Re3 0-1

[Event "Heusenstamm Sparkassen op-A 3rd"]
[Site "Heusenstamm"]
[Date "2016.11.27"]
[Round "3"]
[White "Kirchner, Markus"]
[Black "Draxler, Gottfried"]
[Result "1/2-1/2"]
[WhiteElo "1682"]
[BlackElo "1829"]
[PlyCount "86"]
[EventDate "2016.11.24"]
[EventType "swiss"]
[EventRounds "7"]
[EventCountry "GER"]
[SourceTitle "EXT 2018"]
[Source "ChessBase"]
[SourceDate "2017.10.13"]
[SourceVersion "1"]
[SourceVersionDate "2017.10.13"]
[SourceQuality "1"]

1. e4 c5 2. Nf3 d6 3. d4 cxd4 4. Nxd4 Nf6 5. f3 g6 6. c4 Bg7 7. Nc3 a6 8. Be3 0-0 9. Be2 Bd7 10. Qd2 Nc6 11. 0-0 Rc8 12. Rac1 Nxd4 13. Bxd4 Bc6 14. b4 Ne8 15. Be3 Nc7 16. Rc2 Qe8 17. Rfc1 Qd8 18. Bf1 Qe8 19. Kh1 Rd8 20. Bb6 Rc8 21. Nd5 Na8 22. Qf2 e6 23. Nc3 Qe7 24. Be3 Rfd8 25. a3 Bf6 26. Rd2 h5 27. Ne2 Qe8 28. Nd4 Bd7 29. Rdc2 Ba4 30. Rd2 Be7 31. Be2 Kg7 32. Bd1 Bxd1 33. Rdxd1 Rd7 34. Rc2 Rcc7 35. Rdc1 Rc8 36. Re1 Rdc7 37. Rec1 Qd7 38. Qd2 e5 39. Ne2 Qe6 40. Qd5 Qxd5 41. exd5 b6 42. Kg1 f5 43. f4 Kf6 1/2-1/2

[Event "Hessen-ch Seniors op 08th"]
[Site "Bad Sooden-Allendorf"]
[Date "2012.04.20"]
[Round "7"]
[White "Draxler, Gottfried"]
[Black "Bill, Eugen"]
[Result "1/2-1/2"]
[WhiteElo "1841"]
[BlackElo "1875"]
[PlyCount "55"]
[EventDate "2012.04.14"]
[EventType "swiss"]
[EventRounds "9"]
[EventCountry "GER"]
[SourceTitle "EXT 2019"]
[Source "ChessBase"]
[SourceDate "2018.10.10"]
[SourceVersion "1"]
[SourceVersionDate "2018.10.10"]
[SourceQuality "1"]

1. d4 Nf6 2. c4 c6 3. Nc3 d5 4. cxd5 cxd5 5. Nf3 Nc6 6. e3 g6 7. a3 a6 8. b4 b5 9. Bb2 Bg7 10. Rc1 Bb7 11. Bd3 0-0 12. 0-0 Rc8 13. Bb1 e6 14. Qd3 Re8 15. Ne5 Qd6 16. Ne2 Nd7 17. Nxd7 Qxd7 18. f4 Ne7 19. Rxc8 Rxc8 20. Rc1 Nf5 21. Kf2 Nd6 22. Rxc8+ Qxc8 23. Qc2 Nc4 24. Bc1 Qd8 25. g3 h6 26. Nc3 Qb6 27. Nd1 a5 28. Nc3 1/2-1/2

[Event "Hessen-ch Seniors op 08th"]
[Site "Bad Sooden-Allendorf"]
[Date "2012.04.19"]
[Round "6"]
[White "Krueger, Bernhard"]
[Black "Draxler, Gottfried"]
[Result "0-1"]
[WhiteElo "1778"]
[BlackElo "1841"]
[PlyCount "102"]
[EventDate "2012.04.14"]
[EventType "swiss"]
[EventRounds "9"]
[EventCountry "GER"]
[SourceTitle "EXT 2019"]
[Source "ChessBase"]
[SourceDate "2018.10.10"]
[SourceVersion "1"]
[SourceVersionDate "2018.10.10"]
[SourceQuality "1"]

1. c4 c5 2. Nc3 Nc6 3. g3 b6 4. Bg2 Bb7 5. e3 e6 6. Nge2 Nf6 7. 0-0 Be7 8. d4 cxd4 9. exd4 d5 10. cxd5 Nxd5 11. Nxd5 exd5 12. Nf4 Na5 13. Qg4 0-0 14. h4 Qd6 15. Nh5 Qg6 16. Qf3 Rad8 17. Re1 Bb4 18. Re5 f6 19. Rf5 Bc8 20. Rxd5 Bg4 21. Nf4 Bxf3 22. Nxg6 Bxg2 23. Rxd8 Rxd8 24. Nf4 Bf3 25. Be3 Rc8 26. Nd3 Bd6 27. Ne1 Bd5 28. b3 Kf7 29. Nd3 g6 30. Nf4 Bf3 31. Nd3 Nb7 32. Ne1 Bd5 33. Nd3 Nd8 34. Nf4 Bf3 35. Nd3 Ne6 36. Ne1 Bd5 37. f4 Be4 38. Kf2 h5 39. a3 Ng7 40. b4 Nf5 41. Rc1 Rxc1 42. Bxc1 Ke6 43. Bb2 Kd5 44. Nf3 Bxf3 45. Kxf3 Nxd4+ 46. Ke3 Nf5+ 47. Kf3 Be7 48. Bc3 Kc4 49. Be1 Kd3 50. g4 Nd4+ 51. Kg3 f5 0-1

[Event "Hessen-ch Seniors op 07th"]
[Site "Bad Sooden-Allendorf"]
[Date "2011.05.07"]
[Round "8"]
[White "Schlachetka, Werner"]
[Black "Draxler, Gottfried"]
[Result "1-0"]
[WhiteElo "1901"]
[BlackElo "1734"]
[PlyCount "109"]
[EventDate "2011.04.30"]
[EventType "swiss"]
[EventRounds "9"]
[EventCountry "GER"]
[SourceTitle "EXT 2012"]
[Source "ChessBase"]
[SourceDate "2011.11.24"]
[SourceVersion "1"]
[SourceVersionDate "2011.11.24"]
[SourceQuality "1"]

1. e4 c5 2. Nf3 d6 3. Bb5+ Bd7 4. Bxd7+ Nxd7 5. 0-0 Ngf6 6. Qe2 Qc7 7. b3 g6 8. Bb2 Bg7 9. d3 0-0 10. Nbd2 Rfe8 11. c4 Nh5 12. Bxg7 Nxg7 13. d4 cxd4 14. Nxd4 a6 15. Rfd1 Qc5 16. N2f3 Qh5 17. Rd2 Ne5 18. Nxe5 Qxe5 19. Rad1 Ne6 20. Nf3 Qf6 21. Qe3 b5 22. e5 dxe5 23. Nxe5 bxc4 24. Nxc4 Red8 25. Qe5 Rxd2 26. Rxd2 Qxe5 27. Nxe5 Ra7 28. Rd7 Rc7 29. Rxc7 Nxc7 30. Kf1 f6 31. Nc6 e5 32. Ke2 Kf7 33. Kd3 Ke6 34. Kc4 Kd6 35. Nb4 f5 36. a3 g5 37. Nc2 h5 38. Ne3 Ke6 39. Kc5 f4 40. Nd1 Nd5 41. b4 e4 42. Kd4 Nf6 43. h3 Kf5 44. a4 g4 45. b5 axb5 46. axb5 gxh3 47. gxh3 Nd7 48. Nc3 e3 49. fxe3 f3 50. Ne4 h4 51. Nf2 Nb6 52. Kc5 Na4+ 53. Kc6 Ke5 54. b6 Nxb6 55. Kxb6 1-0

[Event "Hessen-ch Seniors op 07th"]
[Site "Bad Sooden-Allendorf"]
[Date "2011.05.04"]
[Round "5"]
[White "Draxler, Gottfried"]
[Black "Petzold, Hans"]
[Result "1/2-1/2"]
[WhiteElo "1734"]
[BlackElo "1991"]
[PlyCount "58"]
[EventDate "2011.04.30"]
[EventType "swiss"]
[EventRounds "9"]
[EventCountry "GER"]
[SourceTitle "EXT 2012"]
[Source "ChessBase"]
[SourceDate "2011.11.24"]
[SourceVersion "1"]
[SourceVersionDate "2011.11.24"]
[SourceQuality "1"]

1. d4 e6 2. c4 Nf6 3. Nf3 Bb4+ 4. Bd2 Qe7 5. a3 Bxd2+ 6. Nbxd2 d6 7. e3 e5 8. d5 a5 9. b3 0-0 10. Be2 e4 11. Nd4 c6 12. dxc6 bxc6 13. 0-0 d5 14. cxd5 cxd5 15. Qc2 Ba6 16. Rfc1 Nbd7 17. Bxa6 Rxa6 18. Qc7 Raa8 19. Qg3 g6 20. Nc6 Qe6 21. Nd4 Qa6 22. f3 Qd3 23. Qe1 exf3 24. gxf3 Rfe8 25. Kf2 Rac8 26. Qe2 Ne5 27. Rxc8 Qxe2+ 28. Kxe2 Rxc8 29. f4 Ned7 1/2-1/2

[Event "Hessen-ch Seniors op 07th"]
[Site "Bad Sooden-Allendorf"]
[Date "2011.05.03"]
[Round "4"]
[White "Krotofil, Kurt"]
[Black "Draxler, Gottfried"]
[Result "0-1"]
[WhiteElo "1864"]
[BlackElo "1734"]
[PlyCount "118"]
[EventDate "2011.04.30"]
[EventType "swiss"]
[EventRounds "9"]
[EventCountry "GER"]
[SourceTitle "EXT 2012"]
[Source "ChessBase"]
[SourceDate "2011.11.24"]
[SourceVersion "1"]
[SourceVersionDate "2011.11.24"]
[SourceQuality "1"]

1. d4 Nf6 2. c4 e6 3. Nc3 d5 4. Nf3 c6 5. e3 Nbd7 6. Bd3 dxc4 7. Bxc4 Nd5 8. e4 N5b6 9. Bd3 Be7 10. Bf4 a6 11. 0-0 c5 12. Rc1 Nf6 13. Bb1 0-0 14. Ne2 Nbd7 15. Qc2 g6 16. Rfd1 Qa5 17. Nd2 cxd4 18. Nxd4 Qh5 19. N4f3 e5 20. Bg3 Ng4 21. Qc3 Bf6 22. Nc4 Bg5 23. Nxg5 Qxg5 24. f3 Ngf6 25. Nxe5 Nxe5 26. Bxe5 Nh5 27. Rc2 Be6 28. Rcd2 Rac8 29. Qd4 f6 30. Bd6 Rf7 31. Qf2 Rd7 32. Bb4 Nf4 33. Qg3 Ne2+ 34. Rxe2 Qxg3 35. hxg3 Rxd1+ 36. Re1 Rxe1+ 37. Bxe1 Rc1 38. Kf2 Rxb1 39. Bc3 Kf7 40. a3 Bc4 41. g4 Rd1 42. Kg3 g5 43. Kf2 Ke6 44. Kg3 Rf1 45. Kh2 Be2 46. Kg3 Rh1 47. Kf2 Bd1 48. Kg3 h5 49. gxh5 Rxh5 50. Kg4 Rh4+ 51. Kg3 f5 52. exf5+ Kxf5 53. Kf2 Rh7 54. g4+ Kg6 55. Kg3 Rf7 56. Kg2 Rxf3 57. Be5 Re3 58. Bh8 Rd3 59. Be5 Bxg4 0-1

[Event "Hessen-ch Seniors op 07th"]
[Site "Bad Sooden-Allendorf"]
[Date "2011.04.30"]
[Round "1"]
[White "Draxler, Gottfried"]
[Black "Biller, Helmut"]
[Result "1/2-1/2"]
[WhiteElo "1734"]
[BlackElo "1990"]
[PlyCount "92"]
[EventDate "2011.04.30"]
[EventType "swiss"]
[EventRounds "9"]
[EventCountry "GER"]
[SourceTitle "EXT 2012"]
[Source "ChessBase"]
[SourceDate "2011.11.24"]
[SourceVersion "1"]
[SourceVersionDate "2011.11.24"]
[SourceQuality "1"]

1. d4 Nf6 2. c4 e6 3. Nc3 Bb4 4. Qc2 b6 5. Nf3 Bb7 6. Nd2 d5 7. a3 Be7 8. e3 0-0 9. Be2 dxc4 10. 0-0 b5 11. b3 cxb3 12. Nxb3 c6 13. Bf3 a6 14. Bb2 Nbd7 15. Rfd1 Qb6 16. Rac1 Rac8 17. Ne4 Nxe4 18. Bxe4 h6 19. Nc5 Nxc5 20. dxc5 Qc7 21. f4 f6 22. Qb3 Bd8 23. Qxe6+ Qf7 24. Qf5 g6 25. Qxg6+ Qxg6 26. Bxg6 Rc7 27. Bf5 Be7 28. Kf2 Bc8 29. Bxc8 Rfxc8 30. Kf3 Kf7 31. g4 Rb7 32. Bd4 a5 33. Rb1 Rd8 34. Rdc1 b4 35. axb4 axb4 36. Rb3 Ke6 37. Ke4 Rb5 38. Rc4 Rdb8 39. f5+ Kf7 40. Kf4 Bd8 41. h3 Bc7+ 42. Kf3 R8b7 43. Rc1 Ra7 44. Rcb1 Ra4 45. Ke4 Ba5 46. Kd3 Ra2 1/2-1/2

[Event "Main Vogelsberg op 4th"]
[Site "Heusenstamm"]
[Date "2009.05.03"]
[Round "7"]
[White "Draxler, Gottfried"]
[Black "Larem, Peter"]
[Result "1-0"]
[WhiteElo "1829"]
[BlackElo "1935"]
[PlyCount "111"]
[EventDate "2009.04.30"]
[EventType "swiss"]
[EventRounds "7"]
[EventCountry "GER"]
[SourceTitle "CBM 130 Extra"]
[Source "ChessBase"]
[SourceDate "2009.07.02"]
[SourceVersion "2"]
[SourceVersionDate "2009.07.15"]
[SourceQuality "1"]

1. d4 Nf6 2. c4 c5 3. d5 b5 4. Qc2 b4 5. b3 g6 6. Bb2 Bg7 7. e4 d6 8. Bd3 0-0 9. Ne2 Nbd7 10. f4 a5 11. 0-0 Nb6 12. a4 e6 13. Nd2 exd5 14. exd5 Re8 15. Rfe1 Ra7 16. h3 Rae7 17. Nf3 Re3 18. Ng3 Rxe1+ 19. Rxe1 Rxe1+ 20. Nxe1 Qe7 21. Qe2 Qxe2 22. Nxe2 Nh5 23. Bxg7 Nxg7 24. Kf2 f5 25. Kf3 Bd7 26. Bc2 Kf7 27. g4 fxg4+ 28. hxg4 h5 29. gxh5 gxh5 30. Ng2 Bg4+ 31. Kf2 Nf5 32. Ne3 Nxe3 33. Kxe3 Kf6 34. Ng3 Nc8 35. Ne4+ Kg7 36. Nf2 Bd7 37. f5 Kh6 38. Kf4 Be8 39. Ne4 Bf7 40. Ng5 Kg7 41. Bd3 Kf6 42. Ne4+ Kg7 43. Kg5 Be8 44. Be2 h4 45. Bg4 Nb6 46. Nxd6 Bxa4 47. bxa4 b3 48. f6+ Kf8 49. Kxh4 b2 50. Bf5 Nxa4 51. Nb7 Nc3 52. Nxa5 b1Q 53. Bxb1 Nxb1 54. Kg5 Nd2 55. Kf5 Kf7 56. d6 1-0

[Event "Main Vogelsberg op 4th"]
[Site "Heusenstamm"]
[Date "2009.05.02"]
[Round "4"]
[White "Schloessner, Henrik"]
[Black "Draxler, Gottfried"]
[Result "1-0"]
[WhiteElo "2061"]
[BlackElo "1829"]
[PlyCount "65"]
[EventDate "2009.04.30"]
[EventType "swiss"]
[EventRounds "7"]
[EventCountry "GER"]
[SourceTitle "CBM 130 Extra"]
[Source "ChessBase"]
[SourceDate "2009.07.02"]
[SourceVersion "2"]
[SourceVersionDate "2009.07.15"]
[SourceQuality "1"]

1. e4 c5 2. Nf3 d6 3. d4 cxd4 4. Nxd4 Nf6 5. Nc3 a6 6. Bg5 e6 7. f4 Be7 8. Qf3 Qc7 9. 0-0-0 Nc6 10. Nb3 b5 11. e5 dxe5 12. fxe5 Ng8 13. Be3 Bb7 14. Bf4 Nd4 15. Qg3 Nxb3+ 16. axb3 Bf8 17. Kb1 Ne7 18. Bxb5+ Bc6 19. Ne4 Nf5 20. Bxc6+ Qxc6 21. Qf3 Rc8 22. g4 Nh4 23. Qd3 Be7 24. Nd6+ Bxd6 25. exd6 Kd7 26. Qd4 Qxc2+ 27. Ka2 Qc5 28. Qxg7 Rhf8 29. Rc1 Qa5+ 30. Kb1 Nf5 31. Qg5 Qd5 32. gxf5 Qe4+ 33. Ka2 1-0

[Event "Hessen-ch Gr-C 62nd"]
[Site "Hanau"]
[Date "2008.03.21"]
[Round "5"]
[White "Draxler, Gottfried"]
[Black "Overbeck, Christopher"]
[Result "0-1"]
[WhiteElo "1846"]
[BlackElo "1816"]
[PlyCount "130"]
[EventDate "2008.03.19"]
[EventType "swiss"]
[EventRounds "7"]
[EventCountry "GER"]
[SourceTitle "CBM 123 Extra"]
[Source "ChessBase"]
[SourceDate "2008.05.06"]
[SourceVersion "1"]
[SourceVersionDate "2008.05.06"]
[SourceQuality "1"]

1. d4 Nf6 2. c4 g6 3. Nc3 d5 4. e3 Bg7 5. Nf3 0-0 6. Bd3 c5 7. cxd5 cxd4 8. Nxd4 Nxd5 9. Nxd5 Qxd5 10. Nf3 Rd8 11. Be2 Qa5+ 12. Bd2 Qb6 13. Qb3 Qxb3 14. axb3 Bxb2 15. Ra2 Bf6 16. 0-0 Nc6 17. Rc1 Be6 18. Bc4 Rd6 19. Bxe6 Rxe6 20. Bc3 Bxc3 21. Rxc3 Rd6 22. Kf1 f6 23. Ke2 Kf7 24. Nd2 Nb4 25. Ra4 Rc6 26. Rxc6 Nxc6 27. Ne4 Rc8 28. Rc4 Ke8 29. Kd2 b6 30. Nc3 Kd7 31. Ra4 a5 32. Rc4 Nb4 33. Rd4+ Ke8 34. h4 Rd8 35. Rxd8+ Kxd8 36. Na4 Kc7 37. Kc3 Kc6 38. Kd4 Nc2+ 39. Kc3 Nb4 40. Kd2 b5 41. Nc3 Nd5 42. Ne2 Kc5 43. e4 Nc7 44. Kc3 e5 45. g3 Ne6 46. f4 b4+ 47. Kd3 Kb5 48. Ke3 Nc5 49. Nc1 a4 50. bxa4+ Kxa4 51. f5 Ka3 52. g4 Kb2 53. fxg6 hxg6 54. h5 Ne6 55. Nd3+ Kc3 56. h6 Ng5 57. Nc5 b3 58. Na4+ Kc2 59. Nb6 b2 60. Nc4 b1Q 61. Na3+ Kb2 62. Nxb1 Kxb1 63. Kd3 Kc1 64. Kc4 Kd2 65. Kd5 Ke3 0-1

[Event "Hessen-ch Gr-C 62nd"]
[Site "Hanau"]
[Date "2008.03.21"]
[Round "4"]
[White "Rausch, Wolfgang"]
[Black "Draxler, Gottfried"]
[Result "0-1"]
[WhiteElo "1800"]
[BlackElo "1846"]
[PlyCount "50"]
[EventDate "2008.03.19"]
[EventType "swiss"]
[EventRounds "7"]
[EventCountry "GER"]
[SourceTitle "CBM 123 Extra"]
[Source "ChessBase"]
[SourceDate "2008.05.06"]
[SourceVersion "1"]
[SourceVersionDate "2008.05.06"]
[SourceQuality "1"]

1. c4 c5 2. Nc3 b6 3. Nf3 Nc6 4. d4 cxd4 5. Nxd4 Bb7 6. e4 e6 7. Nc2 Be7 8. Be2 a6 9. 0-0 Nf6 10. Be3 Bc5 11. f4 d6 12. Bf3 Qc7 13. Qe2 0-0 14. a3 Bxe3+ 15. Nxe3 Nd4 16. Qd3 Nxf3+ 17. Rxf3 Qc6 18. e5 dxe5 19. fxe5 Rad8 20. Qe2 Ne4 21. Ng4 Qc5+ 22. Nf2 Nxc3 23. Rxc3 Rd4 24. Rac1 Rfd8 25. R1c2 Rd1+ 0-1

[Event "Bahn-ch Vormeister"]
[Site "Winterberg"]
[Date "2004.10.02"]
[Round "7"]
[White "Thomas, Mario"]
[Black "Draxler, Gottfried"]
[Result "0-1"]
[WhiteElo "1743"]
[BlackElo "1780"]
[PlyCount "50"]
[EventDate "2004.09.26"]
[EventType "swiss"]
[EventRounds "7"]
[EventCountry "GER"]
[SourceTitle "EXT 2013"]
[Source "ChessBase"]
[SourceDate "2012.11.22"]
[SourceVersion "1"]
[SourceVersionDate "2012.11.22"]
[SourceQuality "1"]

1. e4 c5 2. Nf3 d6 3. d4 cxd4 4. Nxd4 Nf6 5. Nc3 a6 6. Be3 e6 7. f3 Be7 8. Qd2 Qc7 9. g4 Nc6 10. 0-0-0 b5 11. Kb1 Bb7 12. Be2 Nxd4 13. Qxd4 0-0 14. g5 Ne8 15. h4 Rd8 16. h5 d5 17. e5 Rc8 18. Bd3 Bc5 19. Qf4 Bxe3 20. Qxe3 d4 21. Qf4 dxc3 22. g6 fxg6 23. Qh4 Bxf3 24. hxg6 h6 25. Qh3 Qe7 0-1

[Event "Bahn-ch Vormeister"]
[Site "Winterberg"]
[Date "2004.09.27"]
[Round "2"]
[White "Schuh, Willi"]
[Black "Draxler, Gottfried"]
[Result "1/2-1/2"]
[WhiteElo "1771"]
[BlackElo "1780"]
[PlyCount "35"]
[EventDate "2004.09.26"]
[EventType "swiss"]
[EventRounds "7"]
[EventCountry "GER"]
[SourceTitle "EXT 2013"]
[Source "ChessBase"]
[SourceDate "2012.11.22"]
[SourceVersion "1"]
[SourceVersionDate "2012.11.22"]
[SourceQuality "1"]

1. d4 d5 2. e3 Nf6 3. Bd3 e6 4. f4 c5 5. c3 Nc6 6. Nf3 a6 7. Nbd2 Qc7 8. Ne5 b5 9. 0-0 Bb7 10. Qf3 Rc8 11. g4 cxd4 12. exd4 b4 13. Nxc6 Qxc6 14. cxb4 Bxb4 15. Nb3 Qb6 16. Be3 0-0 17. Rac1 Nd7 18. Qe2 1/2-1/2